Glosario jurídico presupuestal /

-д хадгалсан:
Номзүйн дэлгэрэнгүй
Үндсэн зохиолч: Carrasco Iriarte, Hugo (autor)
Формат: Ном
Хэл сонгох:испани
Хэвлэсэн: México : IURE, 2005, c2005
Цуврал:(Glosarios Jurídicos Temáticos en Materia Fiscal ; Tercera Serie ; 2)
Нөхцлүүд:
Шошгууд: Шошго нэмэх
Шошго байхгүй, Энэхүү баримтыг шошголох эхний хүн болох!

MARC

LEADER 00000nam^a2200000^a^4500
001 000189878
005 20250521000000.0
009 20260310102429.303
020 |a 968-5409-83-8 
020 |a 968-5409-81-1 
037 |a Acervo ITESO - Biblioteca 
041 |a ESP 
082 |a 343. 7204  |b GLO S. 3 V. 2 
100 |a Carrasco Iriarte, Hugo  |e (autor) 
240 1 1 |a [Glosarios jurídicos temáticos en materia fiscal] 
245 1 0 |a Glosario jurídico presupuestal /  |c H. Carrasco Iriarte. 
264 4 |a México :  |b IURE,  |c 2005, c2005 
300 |a 147 p. 
336 |a texto  |b txt  |2 rdacontenido 
337 |a sin mediación  |b n  |2 rdamedio 
338 |a volumen  |b nc  |2 rdasoporte 
440 1 |a (Glosarios Jurídicos Temáticos en Materia Fiscal ;  |p Tercera Serie ;  |v 2) 
649 |a XX 
650 |a Presupuesto Público -  |z México -  |x Aspectos Jurídicos -  |x Tema Principal 
650 |a Presupuesto Público -  |z México -  |x Enciclopedias y Diccionarios 
650 |a Derecho Administrativo -  |z México -  |x Enciclopedias y Diccionarios 
650 |a Derecho Público -  |z México -  |x Enciclopedias y Diccionarios 
650 |a Derecho -  |z México -  |x Enciclopedias y Diccionarios 
650 |a Enciclopedias y Diccionarios 
910 |a Fondo General 
920 |a Impresos - Libros 
930 |a Obras de Referencia 
905 |a 102 
901 |a 0500132998  |b IT2  |c REF  |u 20250521 
902 |a https://opac.biblio.iteso.mx/vufind/Record/000189878